000 00931nam a22002535i 4500
001 169055
003 ES-MaACL
005 20260206112058.0
008 080805s2006 sp b |||| | spa d
020 _a978-84-8103-479-0
080 _a821.134.2-82"18"
100 1 _aPérez Galdós, Benito,
_d1843-1920
_990871
245 1 0 _aBenito Pérez Galdós
_b: guía literaria.
250 _a1ª ed.
260 _aLas Palmas de Gran Canaria :
_bCasa Museo Pérez Galdós,
_c2006.
300 _a145 p. ;
_c21 cm.
504 _aBibliografía.
530 _aDisponible en formato digital.
710 2 _aCasa Museo Pérez Galdós.
_9137835
852 _aES-MaACL
_jL-29556
_cDEPO2
856 4 _uhttps://perezgaldos.grancanaria.com/documents/1148196/1161375/Gald%C3%B3s+-+Gu%C3%ADa+Literaria.pdf/31dc9efd-219c-d68b-c7d3-6162da6c4f84?t=1680513599507
_yCasa Museo Pérez Galdós
942 _2udc
999 _c169055
_d169055